000
00245nam a2200097Ia 4500
008
230915s9999 xx 000 0 und d
050
_a
K 1315.4 .S 25 2009 C.1
100
_a
Saleemi, Nisar Ahmad
245
0
_a
COMPANY LAW SIMPLIFIED
942
_c
BK
999
_c
161720
_d
161720